000 00278nam a2200121Ia 4500
005 20251222144849.0
008 251222s9999||||xx |||||||||||||| ||spa||
082 _a868.6/T35T
100 _aCorín Tellado
245 0 _aTe engañas al juzgarme
264 _bRollan
942 _cLIB
999 _c21539
_d21539